000
00223 a2200097 4500
001
30096
100
_a
Meiksin
245
_a
Thin & thick films for by bird micro electronics
260
_a
_b
Heath
_c
090
_c
20048
_d
20048
942
_a
NUST-CAE
_c
M
_c
11168
999
_c
265169
_d
265169